Cvičení z teorie pravděpodobnosti

Salvato in:
Dettagli Bibliografici
Autore principale: Hebák, Petr
Ente Autore: Vysoká škola ekonomická v Praze. Národohospodářská fakulta
Altri autori: Kahounová, Jana
Natura: Libro
Lingua:ceco
Pubblicazione: Praha Státní pedagogické nakladatelství 1983
Tags: Aggiungi Tag
Nessun Tag, puoi essere il primo ad aggiungerne!!

MARC

LEADER 00000nam a2200000 4500
001 c115603
005 20190201111237.7
041 0 |a cze 
044 |a CZ 
245 1 0 |a Cvičení z teorie pravděpodobnosti  |c Petr Hebák, Jana Kahounová 
264 1 |a Praha  |b Státní pedagogické nakladatelství  |c 1983 
300 |a 245 s. 
100 1 |a Hebák, Petr 
700 1 |a Kahounová, Jana 
710 2 |a Vysoká škola ekonomická v Praze. Národohospodářská fakulta